Marketingová stratégia bioproduktov pre vybraný trhový segment bakalárska práca

Na minha lista:
Detalhes bibliográficos
Autor principal: Gazdačko, Peter
Autor Corporativo: Podnikovohospodárska fakulta EU so sídlom v Košiciach. Katedra marketingu a obchodu
Outros Autores: Petrovčiková, Katarína, 1977-
Formato: Livro
Idioma:eslovaco
Publicado em: Košice 2011
Tags: Adicionar Tag
Sem tags, seja o primeiro a adicionar uma tag!

MARC

LEADER 00000nbm a2200000 4500
001 0139415
005 20161109111621.4
041 0 |a slo 
044 |a SK 
245 1 0 |a Marketingová stratégia bioproduktov pre vybraný trhový segment  |b bakalárska práca  |c Peter Gazdačko ; školiteľ: Katarína Petrovčíková 
264 1 |a Košice  |c 2011 
300 |a 52 s. 
100 1 |a Gazdačko, Peter 
700 1 |a Petrovčiková, Katarína, 1977- 
710 2 |a Podnikovohospodárska fakulta EU so sídlom v Košiciach. Katedra marketingu a obchodu